Export Ready — 

Plaguicidas modernos y su acción bioquímica

Bibliographic Details
Main Author: Cremlyn, R.
Format: Section = Libro
Language:Undetermined
Spanish
Published: México Limusa 1982
Subjects:
LEADER 00612nam a2200229Ia 4500
008 240830s9999 xx 000 0 und d
020 |a 968-18-1367-7 
040 |a B-ESTELÍ- RUACS / 632.95 C915 
041 |a spa 
082 |a 632.95 C915 
100 1 |a Cremlyn, R. 
245 1 0 |a Plaguicidas modernos y su acción bioquímica 
260 |a México  |b Limusa  |c 1982 
300 |a 356 p.: il. 
650 7 |a PLAGUICIDAS 
650 7 |b  FACTORES FISICOQUÍMICOS 
650 7 |c  INSECTICIDAS BOTÁNICOS-SINTETICOS 
650 7 |d  FUNGICIDAS 
650 7 |e  HERBICIDAS 
942 |c BK  |2 ddc 
991 |a TEXTO 
999 |c 11338